[Event "Caissa Asli Gp-A"]
[Site "Ayvalik"]
[Date "2022.03.05"]
[Round "8"]
[White "Apaydin, Fethi"]
[Black "Mirzoev, Azer"]
[Result "0-1"]
[WhiteElo "2305"]
[BlackElo "2476"]
[PlyCount "78"]
[EventDate "2022.02.28"]
[EventType "schev"]
[EventRounds "9"]
[EventCountry "TUR"]
[SourceTitle "CBM 207 Extra"]
[Source "ChessBase"]
[SourceDate "2022.05.31"]
[SourceVersion "1"]
[SourceVersionDate "2022.05.31"]
[SourceQuality "1"]
[WhiteTeam "Team B"]
[BlackTeam "Team D"]
[WhiteTeamCountry "TUR"]
[BlackTeamCountry "TUR"]

1. Nf3 d5 2. g3 g6 3. Bg2 Bg7 4. 0-0 e5 5. c4 d4 6. e3 Ne7 7. exd4 exd4 8. d3 0-0 9. b4 h6 10. Bb2 a5 11. a3 c5 12. Nbd2 Na6 13. bxc5 Nc6 14. Ne4 Be6 15. Re1 Qd7 16. Rb1 f5 17. Ned2 Bf7 18. Ba1 Nxc5 19. Qc2 Rac8 20. Nb3 Ne6 21. Qd2 b6 22. Nc1 Rb8 23. Nh4 Kh7 24. Qd1 Rfc8 25. Re2 Bf6 26. Nf3 Qd6 27. a4 Re8 28. Reb2 Qc7 29. Rb5 Red8 30. Ne1 Be8 31. Bd5 Nc5 32. Ne2 Nb4 33. Nxd4 Bxd4 34. Bxd4 Bxb5 35. axb5 Nxd5 36. cxd5 Rxd5 37. Ba1 Rd7 38. Qd2 Re8 39. Qc3 g5 0-1

[Event "Caissa Asli Gp-A"]
[Site "Ayvalik"]
[Date "2022.03.04"]
[Round "7"]
[White "Ratkovic, Milovan"]
[Black "Apaydin, Fethi"]
[Result "1-0"]
[WhiteElo "2445"]
[BlackElo "2305"]
[PlyCount "63"]
[EventDate "2022.02.28"]
[EventType "schev"]
[EventRounds "9"]
[EventCountry "TUR"]
[SourceTitle "CBM 207 Extra"]
[Source "ChessBase"]
[SourceDate "2022.05.31"]
[SourceVersion "1"]
[SourceVersionDate "2022.05.31"]
[SourceQuality "1"]
[WhiteTeam "Team A"]
[BlackTeam "Team B"]
[WhiteTeamCountry "TUR"]
[BlackTeamCountry "TUR"]

1. d4 d6 2. e4 g6 3. Nc3 Bg7 4. Be3 a6 5. f4 b5 6. Nf3 b4 7. Ne2 Nf6 8. Ng3 Bb7 9. Bd3 0-0 10. Qe2 Ng4 11. Bd2 c5 12. dxc5 e5 13. f5 dxc5 14. Bc4 Nc6 15. 0-0-0 Qb6 16. fxg6 hxg6 17. Nh4 Na5 18. Bxf7+ Rxf7 19. Qxg4 Rf6 20. Bg5 Rc6 21. Qd7 Rf8 22. Rhf1 c4 23. Rxf8+ Bxf8 24. Rf1 Bg7 25. Rf7 Qg1+ 26. Nf1 Kh8 27. Qd8+ Kh7 28. Qe7 Kh8 29. Be3 Qh1 30. Kd1 c3 31. Bh6 Rd6+ 32. Qxd6 1-0

[Event "Caissa Asli Gp-A"]
[Site "Ayvalik"]
[Date "2022.03.03"]
[Round "6"]
[White "Apaydin, Fethi"]
[Black "Erdogmus, Yagiz Kaan"]
[Result "0-1"]
[WhiteElo "2305"]
[BlackElo "2312"]
[PlyCount "78"]
[EventDate "2022.02.28"]
[EventType "schev"]
[EventRounds "9"]
[EventCountry "TUR"]
[SourceTitle "CBM 207 Extra"]
[Source "ChessBase"]
[SourceDate "2022.05.31"]
[SourceVersion "1"]
[SourceVersionDate "2022.05.31"]
[SourceQuality "1"]
[WhiteTeam "Team B"]
[BlackTeam "Team A"]
[WhiteTeamCountry "TUR"]
[BlackTeamCountry "TUR"]

1. Nf3 c5 2. e4 e6 3. b3 a6 4. Bb2 Nc6 5. c4 Nf6 6. e5 Ng4 7. h3 Nh6 8. Bd3 d6 9. exd6 Nb4 10. Be4 f5 11. Bc2 Bxd6 12. 0-0 0-0 13. a3 Nc6 14. d4 Qf6 15. Ra2 cxd4 16. Nxd4 Nxd4 17. Qxd4 e5 18. Qd2 Nf7 19. Nc3 Be6 20. Nd5 Qh4 21. Raa1 Rad8 22. Rae1 e4 23. f4 Bxd5 24. cxd5 Rc8 25. b4 Nd8 26. Be5 Nf7 27. Bxd6 Nxd6 28. Bb3 h6 29. Qd4 Kh7 30. a4 Rf7 31. Qe5 Rf6 32. Re3 Rg6 33. Kh2 a5 34. bxa5 Qd8 35. Rc3 Rc7 36. Rfc1 Re7 37. Qd4 Qxa5 38. Rc5 Qb6 39. a5 Qxb3 0-1

[Event "Caissa Asli Gp-A"]
[Site "Ayvalik"]
[Date "2022.03.03"]
[Round "5"]
[White "Vorobiov, Evgeny E"]
[Black "Apaydin, Fethi"]
[Result "1/2-1/2"]
[WhiteElo "2499"]
[BlackElo "2305"]
[PlyCount "31"]
[EventDate "2022.02.28"]
[EventType "schev"]
[EventRounds "9"]
[EventCountry "TUR"]
[SourceTitle "CBM 207 Extra"]
[Source "ChessBase"]
[SourceDate "2022.05.31"]
[SourceVersion "1"]
[SourceVersionDate "2022.05.31"]
[SourceQuality "1"]
[WhiteTeam "Team D"]
[BlackTeam "Team B"]
[WhiteTeamCountry "TUR"]
[BlackTeamCountry "TUR"]

1. d4 d5 2. c4 c6 3. Nf3 Nf6 4. Nbd2 Bf5 5. Nh4 Be4 6. Qb3 Nbd7 7. f3 dxc4 8. Qxb7 Bd5 9. e4 e6 10. g3 a5 11. Bxc4 Rb8 12. Qa6 Ra8 13. Qb7 Rb8 14. Qa6 Ra8 15. Qb7 Rb8 16. Qa6 1/2-1/2

[Event "Ayvalik Argistra"]
[Site "Ayvalik"]
[Date "2022.02.15"]
[Round "2"]
[White "Apaydin, Fethi"]
[Black "Ozsakallioglu, Okan"]
[Result "1-0"]
[WhiteElo "2260"]
[BlackElo "2270"]
[PlyCount "89"]
[EventDate "2022.02.14"]
[EventType "schev"]
[EventRounds "9"]
[EventCountry "TUR"]
[SourceTitle "CBM 206 Extra"]
[Source "ChessBase"]
[SourceDate "2022.03.31"]
[SourceVersion "1"]
[SourceVersionDate "2022.03.31"]
[SourceQuality "1"]
[WhiteTeam "Team A"]
[BlackTeam "Team C"]
[WhiteTeamCountry "TUR"]
[BlackTeamCountry "TUR"]

1. Nf3 d5 2. g3 Nf6 3. Bg2 c6 4. c4 dxc4 5. 0-0 Nbd7 6. Na3 Nb6 7. Qc2 Bg4 8. Nxc4 e6 9. d3 Nxc4 10. Qxc4 Qd5 11. Qa4 Bxf3 12. Bxf3 Qd7 13. b4 Be7 14. Rb1 a6 15. Qb3 Nd5 16. Bd2 0-0 17. a4 Nc7 18. Rfc1 e5 19. Be3 Rac8 20. Qc4 Ne6 21. Bg4 f5 22. Bf3 Kh8 23. b5 cxb5 24. Qd5 Rxc1+ 25. Rxc1 Qxd5 26. Bxd5 Nd4 27. Rc7 Bd6 28. Rd7 Bc5 29. Bxd4 Bxd4 30. axb5 axb5 31. Rxb7 g6 32. Rxb5 Rc8 33. e3 Bc5 34. Rb7 Re8 35. Rc7 Bd6 36. Rc6 Rd8 37. Bc4 Kg7 38. Rb6 Kf6 39. Rb7 Be7 40. f4 exf4 41. gxf4 h6 42. h4 Rf8 43. Kf2 Bd8 44. Rh7 Bb6 45. h5 1-0

[Event "Ayvalik Kumru"]
[Site "Ayvalik"]
[Date "2022.02.08"]
[Round "1"]
[White "Apaydin, Fethi"]
[Black "Pastar, Slaven"]
[Result "0-1"]
[WhiteElo "2260"]
[BlackElo "2337"]
[PlyCount "132"]
[EventDate "2022.02.08"]
[EventType "schev"]
[EventRounds "9"]
[EventCountry "TUR"]
[SourceTitle "CBM 206 Extra"]
[Source "ChessBase"]
[SourceDate "2022.03.31"]
[SourceVersion "1"]
[SourceVersionDate "2022.03.31"]
[SourceQuality "1"]
[WhiteTeam "Team A"]
[BlackTeam "Team B"]
[WhiteTeamCountry "TUR"]
[BlackTeamCountry "TUR"]

1. e4 e6 2. d4 d5 3. Nd2 c5 4. Ngf3 cxd4 5. Nxd4 Nc6 6. Bb5 Bd7 7. Nxc6 Bxc6 8. Bxc6+ bxc6 9. c4 Bc5 10. Qa4 Qd7 11. 0-0 Ne7 12. b3 0-0 13. Bb2 Rfd8 14. Rac1 d4 15. Nf3 a5 16. Ne5 Qc7 17. Nd3 Bd6 18. f4 Ng6 19. e5 Bf8 20. Ba3 c5 21. Rce1 Rdb8 22. f5 exf5 23. Rxf5 Re8 24. Bc1 Ne7 25. Rf2 Nc6 26. Bf4 Qc8 27. Bg3 Ra7 28. Ref1 Qa8 29. a3 Qc8 30. h3 Rb7 31. Rf5 Re6 32. Kh2 Qa8 33. R5f3 Qc8 34. Kh1 Rh6 35. Bf4 Rg6 36. Bh2 Re6 37. Bg3 Re8 38. Re1 Ra7 39. Ref1 Re6 40. Kg1 Re8 41. Kh1 Rb7 42. Rf5 Re6 43. R5f3 Qe8 44. Rf5 Qa8 45. Re1 Ne7 46. Rf3 Nc8 47. Ref1 Nb6 48. Qb5 Nd5 49. cxd5 Rxb5 50. dxe6 fxe6 51. Rxf8+ Qxf8 52. Rxf8+ Kxf8 53. Kh2 Kf7 54. a4 Rxb3 55. Nxc5 Rc3 56. Ne4 Ra3 57. Be1 Rxa4 58. Nd6+ Kg6 59. Nb7 d3 60. Nxa5 Ra1 61. Bc3 Rc1 62. Bb4 Rc2 63. Kg3 d2 64. Bxd2 Rxd2 65. Nc4 Rd3+ 66. Kh4 Rd4+ 0-1

[Event "EU-Cup Online Gr-F"]
[Site "Tornelo INT"]
[Date "2021.03.27"]
[Round "2.4"]
[White "Jablonicky, Martin"]
[Black "Apaydin, Fethi"]
[Result "1/2-1/2"]
[WhiteElo "2298"]
[BlackElo "2260"]
[PlyCount "99"]
[EventDate "2021.03.27"]
[EventType "team-tourn (rapid)"]
[EventRounds "9"]
[EventCountry "NET"]
[SourceTitle "CBM 201 Extra"]
[Source "ChessBase"]
[SourceDate "2021.05.31"]
[SourceVersion "1"]
[SourceVersionDate "2021.05.31"]
[SourceQuality "1"]
[WhiteTeam "Zilina Mladost"]
[BlackTeam "Apaydin"]
[WhiteTeamCountry "SVK"]
[BlackTeamCountry "TUR"]

1. e4 c5 2. a3 d6 3. b4 Nf6 4. d3 e5 5. Nf3 Bg4 6. h3 Bxf3 7. Qxf3 Nc6 8. c3 Be7 9. Bg5 Nd7 10. Bxe7 Qxe7 11. Be2 0-0 12. 0-0 Qg5 13. Qe3 Qxe3 14. fxe3 Nb6 15. Nd2 Rfd8 16. Bd1 f6 17. Bb3+ Kf8 18. Nc4 Nxc4 19. Bxc4 Ne7 20. bxc5 dxc5 21. Rab1 b6 22. g4 h6 23. Kh2 Rd6 24. h4 g5 25. hxg5 hxg5 26. Kg3 Kg7 27. Rh1 Rh8 28. Rxh8 Kxh8 29. a4 Nc6 30. Bd5 Na5 31. Kf3 Kg7 32. Ke2 Rd8 33. d4 Rc8 34. Kd3 c4+ 35. Ke2 Rh8 36. dxe5 Rh2+ 37. Kf3 fxe5 38. Rf1 Rc2 39. Kg3 Rxc3 40. Rf5 Kg6 41. Rxe5 Rd3 42. Re7 c3 43. Rc7 a6 44. Kf3 Kf6 45. Ke2 Rd2+ 46. Ke1 Rd3 47. Ke2 Rd2+ 48. Ke1 Rc2 49. Kd1 Rd2+ 50. Ke1 1/2-1/2

[Event "TUR-ch"]
[Site "Kemer"]
[Date "2018.11.05"]
[Round "10"]
[White "Apaydin, Fethi"]
[Black "Sevgi, Volkan"]
[Result "1/2-1/2"]
[WhiteElo "2353"]
[BlackElo "2296"]
[PlyCount "78"]
[EventDate "2018.10.27"]
[EventType "tourn"]
[EventRounds "11"]
[EventCountry "TUR"]
[EventCategory "4"]
[SourceTitle "CBM 187 Extra"]
[Source "ChessBase"]
[SourceDate "2018.11.04"]
[SourceVersion "1"]
[SourceVersionDate "2018.11.04"]
[SourceQuality "1"]

1. e4 c6 2. Nc3 d5 3. Nf3 Bg4 4. h3 Bxf3 5. Qxf3 e6 6. d3 g6 7. Be2 Bg7 8. Qg3 Nd7 9. 0-0 Ne7 10. Bf4 e5 11. Bd2 0-0 12. h4 f5 13. exd5 Nxd5 14. Nxd5 cxd5 15. h5 Qb6 16. hxg6 Qxg6 17. Qxg6 hxg6 18. c3 Nc5 19. b4 Ne6 20. Bd1 Rad8 21. Bb3 Kh7 22. Rfe1 g5 23. f3 Kg6 24. g3 g4 25. fxg4 f4 26. Kg2 fxg3 27. Kxg3 e4 28. dxe4 dxe4 29. Rad1 Rf3+ 30. Kg2 Rxd2+ 31. Rxd2 Nf4+ 32. Kh1 Bxc3 33. Rd6+ Kg5 34. Rxe4 Kh4 35. Bd1 Rf1+ 36. Kh2 Rf2+ 37. Kh1 Rf1+ 38. Kh2 Rf2+ 39. Kh1 Rf1+ 1/2-1/2

[Event "Budapest Spring op"]
[Site "Budapest"]
[Date "2018.04.26"]
[Round "9"]
[White "Krzyzanowski, Marcin"]
[Black "Apaydin, Fethi"]
[Result "1-0"]
[WhiteElo "2472"]
[BlackElo "2337"]
[PlyCount "109"]
[EventDate "2018.04.18"]
[EventType "swiss"]
[EventRounds "9"]
[EventCountry "HUN"]
[SourceTitle "CBM 184 Extra"]
[Source "ChessBase"]
[SourceDate "2018.06.28"]
[SourceVersion "1"]
[SourceVersionDate "2018.06.28"]
[SourceQuality "1"]

1. d4 Nf6 2. c4 g6 3. Nc3 Bg7 4. e4 d6 5. Be2 0-0 6. Be3 c5 7. d5 a6 8. a4 e6 9. Nf3 exd5 10. cxd5 Ng4 11. Bg5 Qc7 12. h3 Ne5 13. Nxe5 Bxe5 14. 0-0 Bg7 15. Qd2 Re8 16. Bh6 Nd7 17. Bxg7 Kxg7 18. f4 f6 19. Kh1 b6 20. Rf3 Bb7 21. Rg3 Kh8 22. h4 Rg8 23. Rf1 Rae8 24. h5 gxh5 25. Rh3 h4 26. Rxh4 Nf8 27. Bh5 Re7 28. Bf3 Qd8 29. Nd1 Ng6 30. Rh5 Qe8 31. b3 b5 32. Nf2 Bc8 33. Ra1 bxa4 34. bxa4 Rb7 35. Qc3 Qf7 36. Nd3 Re8 37. Re1 Qg7 38. Qc4 Rb8 39. e5 fxe5 40. fxe5 Nxe5 41. Nxe5 dxe5 42. Be4 h6 43. Qxc5 Bg4 44. Rh2 Rf8 45. Qd6 h5 46. Bf3 Rfd8 47. Qxa6 Ra8 48. Qc4 Bxf3 49. gxf3 Qh7 50. Qc1 Rg8 51. Rxe5 h4 52. Re4 h3 53. Qe1 Rg6 54. Rh4 Rh6 55. R2xh3 1-0

[Event "Budapest Spring op"]
[Site "Budapest"]
[Date "2018.04.25"]
[Round "8"]
[White "Apaydin, Fethi"]
[Black "Repka, Christopher"]
[Result "0-1"]
[WhiteElo "2337"]
[BlackElo "2521"]
[PlyCount "74"]
[EventDate "2018.04.18"]
[EventType "swiss"]
[EventRounds "9"]
[EventCountry "HUN"]
[SourceTitle "CBM 184 Extra"]
[Source "ChessBase"]
[SourceDate "2018.06.28"]
[SourceVersion "1"]
[SourceVersionDate "2018.06.28"]
[SourceQuality "1"]

1. e4 e5 2. Nc3 Nf6 3. Bc4 Bc5 4. f4 Nc6 5. Nf3 d6 6. d3 Bg4 7. Na4 Bb6 8. h3 Bxf3 9. Qxf3 Nd4 10. Qf2 Ba5+ 11. c3 b5 12. 0-0 bxc4 13. cxd4 exd4 14. Qxd4 cxd3 15. e5 Nd7 16. exd6 0-0 17. b4 Bb6 18. Nxb6 Nxb6 19. Bb2 f6 20. dxc7 Qxd4+ 21. Bxd4 Rfc8 22. Rac1 Nd5 23. a3 Rxc7 24. Rxc7 Nxc7 25. Rd1 Rd8 26. Bxa7 Nb5 27. Bb6 Rd5 28. Be3 Nxa3 29. Kf2 Kf7 30. g4 g6 31. Bc5 Nc2 32. Rb1 f5 33. Be3 Ke6 34. b5 Na3 35. Ra1 Nxb5 36. Ra6+ Rd6 37. Ra2 Nc3 0-1

[Event "TUR Cup										"]
[Site "Antalya"]
[Date "2018.01.29"]
[Round "4"]
[White "Tarlabasi, Emirhan"]
[Black "Apaydin, Fethi"]
[Result "0-1"]
[WhiteElo "2060"]
[BlackElo "2269"]
[PlyCount "60"]
[EventDate "2018.01.27"]
[EventType "swiss"]
[EventRounds "11"]
[EventCountry "TUR"]
[SourceTitle "CBM 182 Extra"]
[Source "ChessBase"]
[SourceDate "2018.02.23"]
[SourceVersion "1"]
[SourceVersionDate "2018.02.23"]
[SourceQuality "1"]

1. d4 d6 2. c4 e5 3. Nf3 e4 4. Nfd2 f5 5. e3 Nf6 6. Nc3 g6 7. b4 Bg7 8. Qb3 0-0 9. c5+ d5 10. Bb2 Nc6 11. Be2 Kh8 12. 0-0-0 f4 13. Rdf1 b6 14. Qa4 fxe3 15. fxe3 Ne7 16. Nd1 Bd7 17. Qb3 Qe8 18. Qc3 a5 19. a3 axb4 20. axb4 Bb5 21. Bxb5 Qxb5 22. Qb3 Nc6 23. Ba3 bxc5 24. dxc5 Rfb8 25. Bb2 Nxb4 26. Bxf6 Nd3+ 27. Kc2 Qxc5+ 28. Nc3 Bxf6 29. Rxf6 Rxb3 30. Nxb3 Ra2+ 0-1

[Event "EU-Cup 33rd"]
[Site "Antalya"]
[Date "2017.10.14"]
[Round "7.5"]
[White "Wiersma, Eelke"]
[Black "Apaydin, Fethi"]
[Result "1-0"]
[WhiteElo "2341"]
[BlackElo "2262"]
[PlyCount "72"]
[EventDate "2017.10.08"]
[EventType "team-swiss"]
[EventRounds "7"]
[EventCountry "TUR"]
[SourceTitle "CBM 181"]
[Source "ChessBase"]
[SourceDate "2017.11.10"]
[SourceVersion "1"]
[SourceVersionDate "2017.11.10"]
[SourceQuality "1"]
[WhiteTeam "Leiden LSG"]
[BlackTeam "Besiktas Jimnastik"]
[WhiteTeamCountry "NED"]
[BlackTeamCountry "TUR"]

1. d4 Nf6 2. c4 g6 3. Nc3 Bg7 4. e4 d6 5. f3 0-0 6. Be3 e5 7. Nge2 c6 8. Qb3 Nbd7 9. 0-0-0 Qe7 10. g4 a6 11. Qa3 exd4 12. Nxd4 Ne5 13. g5 Nh5 14. Be2 Bh3 15. f4 Ng4 16. Bxg4 Bxg4 17. Rd2 c5 18. Nc2 b5 19. e5 dxe5 20. Bxc5 Qb7 21. Rg1 Be6 22. fxe5 Bxe5 23. Bxf8 Rxf8 24. Kb1 bxc4 25. Rgd1 Qc7 26. Nd4 Bg4 27. Nd5 Qb7 28. Ne7+ Kg7 29. Re1 f6 30. Nec6 Qc7 31. h3 Bc8 32. Rde2 Rf7 33. Nxe5 fxe5 34. Rxe5 h6 35. Re7 Qd8 36. gxh6+ Kxh6 1-0

[Event "EU-Cup 33rd"]
[Site "Antalya"]
[Date "2017.10.11"]
[Round "4.5"]
[White "Valsecchi, Alessio"]
[Black "Apaydin, Fethi"]
[Result "1/2-1/2"]
[WhiteElo "2508"]
[BlackElo "2262"]
[PlyCount "110"]
[EventDate "2017.10.08"]
[EventType "team-swiss"]
[EventRounds "7"]
[EventCountry "TUR"]
[SourceTitle "CBM 181"]
[Source "ChessBase"]
[SourceDate "2017.11.10"]
[SourceVersion "1"]
[SourceVersionDate "2017.11.10"]
[SourceQuality "1"]
[WhiteTeam "Padova Obiettivo"]
[BlackTeam "Besiktas Jimnastik"]
[WhiteTeamCountry "ITA"]
[BlackTeamCountry "TUR"]

1. d4 Nf6 2. c4 g6 3. Nf3 Bg7 4. g3 0-0 5. Bg2 d6 6. Nc3 Nbd7 7. 0-0 e5 8. e4 c6 9. Re1 Re8 10. h3 a6 11. a4 exd4 12. Nxd4 a5 13. Be3 Nc5 14. Qc2 Qb6 15. Rad1 Nfd7 16. f4 Qb4 17. Bf1 Ra6 18. Na2 Qb6 19. Bf2 Qd8 20. Nc3 Rb6 21. Nf3 Qe7 22. Nd2 h5 23. e5 dxe5 24. Nde4 Nxe4 25. Nxe4 c5 26. Nc3 Rd6 27. Nd5 Qd8 28. f5 b6 29. fxg6 fxg6 30. Nc3 Nf8 31. Nb5 Rxd1 32. Rxd1 Qe7 33. Nd6 Rd8 34. Nxc8 Rxc8 35. Bg2 Rd8 36. Rf1 Rd6 37. Be3 Rf6 38. Rd1 Ne6 39. Qe4 Kh7 40. Kh2 Rf8 41. Qc6 Nd4 42. Qxb6 h4 43. Qxa5 e4 44. Kh1 hxg3 45. Qe1 Qh4 46. Qd2 Be5 47. b4 Rf2 48. Bxf2 gxf2 49. Qe3 Nf5 50. Rd7+ Kg8 51. Qxc5 Ng3+ 52. Kh2 Nf1+ 53. Kh1 Ng3+ 54. Kh2 Nf1+ 55. Kh1 Ng3+ 1/2-1/2

[Event "EU-Cup 33rd"]
[Site "Antalya"]
[Date "2017.10.10"]
[Round "3.4"]
[White "Apaydin, Fethi"]
[Black "Patrelakis, Evaggelos"]
[Result "1-0"]
[WhiteElo "2262"]
[BlackElo "1998"]
[PlyCount "73"]
[EventDate "2017.10.08"]
[EventType "team-swiss"]
[EventRounds "7"]
[EventCountry "TUR"]
[SourceTitle "CBM 181"]
[Source "ChessBase"]
[SourceDate "2017.11.10"]
[SourceVersion "1"]
[SourceVersionDate "2017.11.10"]
[SourceQuality "1"]
[WhiteTeam "Besiktas Jimnastik"]
[BlackTeam "Chania Chess Academy"]
[WhiteTeamCountry "TUR"]
[BlackTeamCountry "GRE"]

1. e4 c5 2. Nc3 a6 3. g3 b5 4. Bg2 Bb7 5. d3 e6 6. f4 d5 7. f5 d4 8. fxe6 dxc3 9. exf7+ Kxf7 10. bxc3 Be7 11. Nf3 g6 12. 0-0 Kg7 13. d4 Nd7 14. d5 Nb6 15. Ne5 Bf6 16. Nd3 Nc4 17. Qf3 Qe7 18. Qf2 Rc8 19. Nf4 h6 20. Ne6+ Kh7 21. h4 Bc6 22. g4 Be8 23. g5 Bxc3 24. Qg3 Bd4+ 25. Nxd4 cxd4 26. Bf4 Ne3 27. Bxe3 dxe3 28. Qxe3 Qc5 29. Qxc5 Rxc5 30. Rad1 Kg7 31. e5 hxg5 32. e6 Rxh4 33. d6 Bc6 34. Bxc6 Rxc6 35. Rf7+ Kh8 36. d7 Rg4+ 37. Kf1 1-0

[Event "EU-Cup 33rd"]
[Site "Antalya"]
[Date "2017.10.09"]
[Round "2.5"]
[White "Apaydin, Fethi"]
[Black "Mitkov, Marjan"]
[Result "1/2-1/2"]
[WhiteElo "2262"]
[BlackElo "2332"]
[PlyCount "150"]
[EventDate "2017.10.08"]
[EventType "team-swiss"]
[EventRounds "7"]
[EventCountry "TUR"]
[SourceTitle "CBM 181"]
[Source "ChessBase"]
[SourceDate "2017.11.10"]
[SourceVersion "1"]
[SourceVersionDate "2017.11.10"]
[SourceQuality "1"]
[WhiteTeam "Besiktas Jimnastik"]
[BlackTeam "Gambit Asseco See"]
[WhiteTeamCountry "TUR"]
[BlackTeamCountry "MKD"]

1. e4 e5 2. Nc3 Nf6 3. g3 d5 4. exd5 Nxd5 5. Bg2 Nxc3 6. bxc3 Bd6 7. Nf3 0-0 8. 0-0 Nc6 9. Rb1 Rb8 10. d3 Bg4 11. h3 Bh5 12. g4 Bg6 13. Ng5 Be7 14. Ne4 f5 15. gxf5 Bxf5 16. Be3 Qd7 17. Kh2 b6 18. Rg1 Nd8 19. Ng3 Bg6 20. Be4 Bxe4 21. dxe4 Qxd1 22. Rbxd1 Ne6 23. Rd7 Rf7 24. Nf5 Kf8 25. Nxe7 Rxe7 26. Rd5 Nf4 27. Bxf4 exf4 28. f3 Rf7 29. h4 Re8 30. Kh3 Re6 31. Rgd1 Rg6 32. Rg5 Rc6 33. Rd3 g6 34. h5 Kg7 35. Kg4 Rc4 36. hxg6 hxg6 37. Rgd5 Ra4 38. Rd7 Rxa2 39. Rxf7+ Kxf7 40. Rd7+ Kf6 41. Rxc7 Rxc2 42. Kxf4 g5+ 43. Ke3 a5 44. Kd4 Rd2+ 45. Kc4 Rf2 46. Rc6+ Ke5 47. Rxb6 Rxf3 48. Rb5+ Kf6 49. Rxa5 g4 50. Kd4 g3 51. e5+ Kf5 52. Ra8 g2 53. Rf8+ Ke6 54. Rg8 Rf2 55. Rg5 Rd2+ 56. Kc5 Re2 57. Kd4 Rd2+ 58. Kc4 Re2 59. Kd3 Rxe5 60. Rxg2 Kd5 61. Ra2 Kc6 62. Ra6+ Kb5 63. Rg6 Rd5+ 64. Kc2 Rh5 65. Kb3 Kc5 66. Rg8 Rh1 67. Rg5+ Kc6 68. Kb4 Rh4+ 69. c4 Rh6 70. Ra5 Kb6 71. c5+ Kb7 72. Ra2 Rh1 73. Rd2 Rb1+ 74. Kc4 Kc6 75. Rd6+ Kc7 1/2-1/2

[Event "TUR-chT"]
[Site "Kocaeli"]
[Date "2017.07.31"]
[Round "7.1"]
[White "Tofan, Ibrahim"]
[Black "Apaydin, Fethi"]
[Result "1-0"]
[WhiteElo "2194"]
[BlackElo "2258"]
[PlyCount "133"]
[EventDate "2017.07.26"]
[EventType "team-tourn"]
[EventRounds "13"]
[EventCountry "TUR"]
[SourceTitle "CBM 179 Extra"]
[Source "ChessBase"]
[SourceDate "2017.08.23"]
[SourceVersion "1"]
[SourceVersionDate "2017.08.23"]
[SourceQuality "1"]
[WhiteTeam "Karaman Belediye"]
[BlackTeam "Istanbul Besiktas"]
[WhiteTeamCountry "TUN"]
[BlackTeamCountry "TUR"]

1. e4 g6 2. g3 Bg7 3. Bg2 c5 4. Ne2 Nc6 5. c4 d6 6. 0-0 Nf6 7. Nbc3 0-0 8. d3 a6 9. f4 Bg4 10. Be3 Nd7 11. f5 Nd4 12. Qd2 Bxe2 13. Nxe2 Nxe2+ 14. Qxe2 Ne5 15. d4 cxd4 16. Bxd4 Nd7 17. Bxg7 Kxg7 18. Kh1 Rc8 19. b3 Rc5 20. Rad1 Qc7 21. Rd5 b6 22. Rfd1 Nf6 23. Rxc5 Qxc5 24. Qf3 Rc8 25. h3 Qe5 26. g4 h6 27. Qd3 a5 28. Qd4 Qxd4 29. Rxd4 Nd7 30. Kg1 Kf6 31. Kf2 Ne5 32. Bf1 Rc5 33. a3 Nd7 34. Ke3 Ke5 35. b4 axb4 36. axb4 Rc7 37. Rd5+ Kf6 38. fxg6 fxg6 39. h4 g5 40. hxg5+ hxg5 41. Rf5+ Kg6 42. Rb5 Rc6 43. Be2 e6 44. Kd4 Kf6 45. Ke3 Ne5 46. Kd4 Ng6 47. Bf1 e5+ 48. Ke3 Nf4 49. Kf2 Ke6 50. Rd5 Rc7 51. Rb5 Rc6 52. Rd5 Ke7 53. Rd2 Rc7 54. Ra2 Ne6 55. Ra8 Rb7 56. Rh8 Nf8 57. Rg8 Ne6 58. Rh8 Kf6 59. Rh6+ Kf7 60. c5 Nf8 61. c6 Ra7 62. Rxd6 Ke7 63. Rd5 Ra2+ 64. Ke1 Ra1+ 65. Kd2 Ne6 66. Rd7+ Kf6 67. Bc4 1-0

[Event "TUR-chT"]
[Site "Kocaeli"]
[Date "2017.07.30"]
[Round "6.6"]
[White "Apaydin, Fethi"]
[Black "Kiremitciyan, Ari"]
[Result "1-0"]
[WhiteElo "2258"]
[BlackElo "2240"]
[PlyCount "49"]
[EventDate "2017.07.26"]
[EventType "team-tourn"]
[EventRounds "13"]
[EventCountry "TUR"]
[SourceTitle "CBM 179 Extra"]
[Source "ChessBase"]
[SourceDate "2017.08.23"]
[SourceVersion "1"]
[SourceVersionDate "2017.08.23"]
[SourceQuality "1"]
[WhiteTeam "Istanbul Besiktas"]
[BlackTeam "Istanbul Bogazici Univ"]
[WhiteTeamCountry "TUR"]
[BlackTeamCountry "TUR"]

1. e4 e6 2. d4 d5 3. Nc3 Nf6 4. Bg5 Be7 5. e5 Nfd7 6. h4 0-0 7. Bd3 c5 8. dxc5 Nxe5 9. Bxh7+ Kxh7 10. Bxe7 Qxe7 11. Qh5+ Kg8 12. Qxe5 Qxc5 13. Nf3 Nc6 14. Qh5 e5 15. g4 Nd4 16. Ng5 Nxc2+ 17. Ke2 Bxg4+ 18. Qxg4 Nxa1 19. Rxa1 Rad8 20. Qh5 Qc4+ 21. Ke1 Qd3 22. Nce4 Rfe8 23. Qxf7+ Kh8 24. Qh5+ Kg8 25. Qh7+ 1-0